000 00262nam a22001097a 4500
082 _a621.0045 MID'T
100 _aMIDDELETON, ROBERT G
_957467
245 _aTEST EQUIPMENT MAINTENANCE HANDBOOK
260 _aNEWYORK
_bHOWARD
_c1963
300 _a160P
942 _cBK
999 _c567744
_d567744